Les 15 villes les plus peuplées de Franche-Comté de 1806 à 2023 - Statistiques

Statistiques générales
  • Ce quiz a été pris 51 fois
  • Le résultat moyen est 81 sur 120
Statistiques - réponses
Hint Réponse % Correct
1806 Belfort 4 210
100%
1846 Belfort 6 664
100%
1876 Belfort 9 816
100%
1911 Belfort 39 371
100%
1936 Belfort 45 625
100%
1968 Belfort 53 214
100%
1999 Belfort 50 417
100%
2023 Belfort 45 912
100%
1806 Besançon 28 727
100%
1846 Besançon 39 949
100%
1876 Besançon 54 404
100%
1911 Besançon 57 978
100%
1936 Besançon 65 022
100%
1968 Besançon 113 220
100%
1999 Besançon 117 733
100%
2023 Besançon 118 489
100%
1806 Montbéliard 3 592
95%
1846 Montbéliard 5 829
95%
1876 Montbéliard 8 938
95%
1911 Montbéliard 10 392
95%
1936 Montbéliard 14 217
95%
1968 Montbéliard 23 908
95%
1999 Montbéliard 27 570
95%
2023 Montbéliard 24 672
95%
1806 Lons-le-Saunier 7 194
91%
1846 Lons-le-Saunier 8 781
91%
1876 Lons-le-Saunier 11 391
91%
1911 Lons-le-Saunier 13 927
91%
1936 Lons-le-Saunier 14 867
91%
1968 Lons-le-Saunier 18 769
91%
1999 Lons-le-Saunier 18 483
91%
2023 Lons-le-Saunier 16 618
91%
1806 Dole 8 462
88%
1846 Dole 10 519
88%
1876 Dole 13 614
88%
1911 Dole 18 393
88%
1936 Dole 20 241
88%
1968 Dole 27 419
88%
1999 Dole 24 949
88%
2023 Dole 23 840
88%
1806 Pontarlier 3 526
88%
1846 Pontarlier 5 136
88%
1876 Pontarlier 5 714
88%
1911 Pontarlier 9 439
88%
1936 Pontarlier 12 840
88%
1968 Pontarlier 16 442
88%
1999 Pontarlier 18 360
88%
2023 Pontarlier 18 067
88%
1806 Vesoul 5 708
86%
1846 Vesoul 7 021
86%
1876 Vesoul 9 206
86%
1911 Vesoul 10 539
86%
1936 Vesoul 11 920
86%
1968 Vesoul 16 352
86%
1999 Vesoul 17 168
86%
2023 Vesoul 15 078
86%
1911 Lure 6 853
60%
1936 Lure 5 970
60%
1999 Lure 8 727
60%
2023 Lure 7 877
60%
1806 Saint-Claude 3 400
58%
1846 Saint-Claude 5 471
58%
1876 Saint-Claude 9 408
58%
1911 Saint-Claude 13 430
58%
1936 Saint-Claude 12 301
58%
1968 Saint-Claude 12 950
58%
1999 Saint-Claude 12 303
58%
2023 Saint-Claude 8 386
58%
1806 Luxeuil-les-Bains 3 040
56%
1846 Luxeuil-les-Bains 3 828
56%
1911 Luxeuil-les-Bains 5 518
56%
1936 Luxeuil-les-Bains 5 691
56%
1968 Luxeuil-les-Bains 9 216
56%
1999 Luxeuil-les-Bains 8 414
56%
2023 Luxeuil-les-Bains 6 663
56%
1806 Gray 6 821
53%
1846 Gray 7 053
53%
1876 Gray 7 401
53%
1911 Gray 6 740
53%
1936 Gray 5 960
53%
1968 Gray 7 789
53%
1846 Héricourt 3 526
53%
1911 Héricourt 7 455
53%
1936 Héricourt 6 681
53%
1968 Héricourt 8 237
53%
1999 Héricourt 10 463
53%
2023 Héricourt 10 621
53%
1911 Audincourt 8 694
51%
1936 Audincourt 9 720
51%
1968 Audincourt 13 488
51%
1999 Audincourt 15 539
51%
2023 Audincourt 14 071
51%
2023 Morteau 6 953
49%
1806 Arbois 6 449
47%
1846 Arbois 6 958
47%
1876 Arbois 5 027
47%
1806 Poligny 5 323
44%
1876 Poligny 5 383
44%
1846 Champagnole 3 303
42%
1968 Champagnole 9 273
42%
1999 Champagnole 8 616
42%
2023 Champagnole 8 036
42%
1936 Valentigney 5 488
35%
1968 Valentigney 12 895
35%
1999 Valentigney 12 486
35%
2023 Valentigney 10 501
35%
1806 Ornans 3 243
30%
1846 Ornans 3 304
30%
1876 Morez 5 419
28%
1911 Morez 5 928
28%
1806 Salins-les-Bains 8 061
28%
1846 Salins-les-Bains 7 178
28%
1968 Bethoncourt 10 996
19%
1999 Bethoncourt 6 848
19%
1806 Champlitte 2 849
16%
1876 Champlitte 4 935
16%
1876 Salins-les-Bains 6 271
14%
1876 Fougerolles 5 459
9%
1911 Fougerolles 5 645
9%
1936 Mandeure 4 985
9%
Aucun quiz correspondant
Distribution des résultats
% des personnes avec chaque résultat
Percentile par nombre de réponses
Votre historique - résultats
Vous n’avez pas pris ce quiz